000 00989nas a2200325 4500
001 BR2018001974
003 BR-BrBNA
005 20231205131424.0
007 ta
008 230509b bl.|||p| |||| 00| 00por d
040 _aBR-BrBNA
_bpor
_cBiblioteca Nacional de Agricultura
041 _a(Pt)
072 _aK50
100 1 _aCarneiro, A. de C.O.
100 1 _aSantos, R.C. dos
100 1 _aCastro, R.V.O.
100 1 _aCastro, A.F.N.M.
100 1 _aPimenta, A.S.
100 1 _aPinto, E.M.
100 1 _aAlves, I.C.N.
245 1 _aEstudo da decomposição térmica da madeira de oito espécies da região do Seridó, Rio Grande do Norte
650 _aMADEIRA
650 _aESSENCIA FLORESTAL
650 _aDECOMPOSIÇÃO
650 _aTEMPERATURA
650 _aRIO GRANDE DO NORTE
773 0 _tRevista Árvore (Brazil)
_xISSN 0100-6762
_g(Nov-Dec 2013), v. 37(6) p. 1153-1163
_wBR2018001974
909 _a202311
_bLúcia
_c55
_dLúcia Elande
942 _2AGRIS
_n0
_cANA
999 _c254722
_d254722